000 00658nam a2200217 a 4500
001 17691
003 CO-ViMGA
008 141112s2004 ck r 000 u spa d
020 _a9682434173
040 _aCO-ViMGA
_bspa
_cCO-ViMGA
082 0 4 _a363.1 A484s
100 1 _aAguirre Martinez, Eduardo
_94133
245 1 0 _aSeguridad y protección a personas , empresas y vehículos
260 _aMexico,
_cTrillas,
_c1998
300 _a159.p.
590 _aForma de adquisición : Premio - Mincultura
650 1 4 _aDELITOS - PREVENCION
_925104
650 1 4 _aINDUSTRIA - MEDIDAS DE SEGURIDAD
_925105
650 1 4 _aSEGURIDAD INDUSTRIAL
_951373
942 _2ddc
_cBK
999 _c27176
_d27176